000 00306nam a2200133Ia 4500
003 OSt
005 20220107122717.0
008 130620s9999 xx 000 0 und d
040 _cIIITM-K
100 _aAnjali R
_91080
245 _aAutomated audit control
650 _aFILE AUDITING
_91081
942 _2ddc
_cPR
999 _c3091
_d3091